000 00663cam a2200241 4500
008 090401t1989 xxu||||| |||| 00| 0 eng d
020 _a0333515269
035 _a(Sirsi) u14921
041 _aeng
050 _a333.0065025
090 _aRICS 1989/29 AB
110 _aRoyal Institution of Chartered Surveyors
_94900
245 _aRICS directory of international practices 1989
250 _a5th ed.
260 _aBasingstoke
_bMacMillan
_c1989
300 _axlii,95,(viii)p. ; 25cm.
350 _a4.2
520 _aReplaced by 1996 edition M1970.
650 _aABOUT RICS-RICS MEMBERS
650 _aDIRECTORIES
942 _n0
948 _c04/03/1997
999 _c87228
_d87228